Pardubice = [Pardubitz] /

Hlavní autor: Wagner, Václav, 1894-1962
Jazyk: Čeština
Vydáno: Praha : Nakladatelství Vyšehrad, 1943
Vydání: První vydání
Edice: Poklady umění v Čechách a na Moravě
Fyzický popis: [28] s. : [viii] obr. příl. ; 8°
Knihy
Uloženo v:
LEADER 00851nam a22002172a 4500
001 000741374
003 CZ BrMZK
005 20041008072332.0
007 ta
008 041008s1943 xr er|||||||||||cze d
040 |a ABA001  |b cze  |c PNA001  |d ABA001  |d BOA001 
100 1 |a Wagner, Václav,  |d 1894-1962  |7 jk01151335  |4 aut 
245 1 0 |a Pardubice =  |b [Pardubitz] /  |c Václav Wagner 
250 |a První vydání 
260 |a Praha :  |b Nakladatelství Vyšehrad,  |c 1943  |f (Č.A.T., Českomoravské akciové tiskařské a vydavatelské podniky) 
300 |a [28] s. :  |b [viii] obr. příl. ;  |c 8° 
490 1 |a Poklady umění v Čechách a na Moravě ;  |v Sv. 52 a 53 
830 0 |a Poklady umění v Čechách a na Moravě 
910 |a BOA001  |b PK-I-0016.195 
990 |a BK 
996 6 |b BC-164825  |c PK-I-0016.195  |l MZK  |r Sklad / do 1 hodiny  |n 0  |w 000741374  |u 000010  |a 1  |e BOA001  |j MZK50  |s P